| 000 | 00998cam a2200313 4500 | ||
|---|---|---|---|
| 008 | 000000n1995 000 0 eng u | ||
| 020 | _a0113217722 | ||
| 035 | _a(Sirsi) u104526 | ||
| 041 | _aeng | ||
| 050 | _a692.8 | ||
| 110 |
_aNHS Estates _92893 |
||
| 245 | _aGuide to the requirements of European Community public procurement directives. | ||
| 260 |
_aLondon _bHMSO _c1995 |
||
| 300 |
_a1v.(loose-leaf) _c30cm. |
||
| 350 | _a65 | ||
| 520 | _aForms part of the "Concode" set of documents. | ||
| 650 | _aCONSTRUCTION PRODUCTS REGULATIONS 1991 | ||
| 650 | _aEC SERVICES DIRECTIVE | ||
| 650 | _aEC SUPPLIES DIRECTIVE | ||
| 650 | _aEC WORKS DIRECTIVE | ||
| 650 | _aEUROPEAN COMMUNITY | ||
| 650 | _aNATIONAL HEALTH SERVICE | ||
| 650 | _aPUBLIC PROCUREMENT | ||
| 650 | _aPUBLIC SERVICES CONTRACTS REGULATIONS 1993 | ||
| 650 | _aPUBLIC SUPPLY CONTRACTS REGULATIONS 1991 | ||
| 650 | _aPUBLIC WORKS CONTRACTS REGULATIONS 1991 | ||
| 690 | _aEUROPE-SINGLE MARKET | ||
| 942 | _n0 | ||
| 999 |
_c100259 _d100259 |
||